000 00500nam a2200181Ia 4500
003 GCL
008 140319s9999 xx 000 0 ara d
040 _aGCL /
_cGCL
082 0 4 _a813.03
_bر س
100 1 _aربيع جابر
245 1 0 _aسيد العتمة /
_cربيع جابر
260 _a[S.N] :
_bرياض الريس للكتب والنشر ،
_c1992
300 _a133 ص
490 _a
650 0 4 _aالادب العربى
650 0 4 _aالقصص العربية
942 _2ddc
_cBK
999 _c54524
_d54524